000 00633nam a2200229Ia 4500
003 OSt
005 20220918204325.0
006 a|||||r|||| 00| 0
007 ta
008 220917b |||||||| |||| 00| 0 eng d
024 _a112,098
037 _cTextual
040 _aARTS
_cARTS
_beng
041 _2eng
_aeng
082 _aV55jM60, 113K2
245 0 _aCorona Quernea
260 _aNA
_bNA
_c1962
490 _aSchriften des reichsinstituts fur altere deutsche Geschichtskunde Monumenta Germaniae historica; 6
650 _aHISTORY
942 _hV55jM60, 113K2
_cTEXL
_2CC
999 _c235447
_d235447